[Event "Campeonato de Aragon por Equipos - Division de Honor"]
[Site ""]
[Date "2022.04.02"]
[Round "10.15"]
[White "Gomez Salinas, Nestor"]
[Black "Conon, Catalin"]
[Result "1-0"]
[WhiteElo "2068"]
[BlackElo "1887"]
[PlyCount "0"]
[WhiteTeam "Palacio De Pioneros B"]
[BlackTeam "Agrupacion"]
[EventDate "2022.01.29"]

1. e4 c5 2. Nf3 e6 3. d4 cxd4 4. Nxd4 Nf6 5. Nc3 Nc6 6. Ndb5 d6 7. Bf4 e5 8.
Be3 a6 9. Na3 b5 10. Nd5 Nxd5 11. exd5 Ne7 12. c4 Nf5 13. Bd2 Be7 14. cxb5 O-O
15. bxa6 Bxa6 16. Bxa6 Rxa6 17. Nc2 Bg5 18. O-O Bxd2 19. Qxd2 Qf6 20. Qd3 Rb6
21. b4 Ne7 22. a4 Qg6 23. Qxg6 hxg6 24. Rfd1 Rc8 25. Rd2 Nxd5 26. Rxd5 Rxc2 27.
b5 Rb2 28. Kf1 f5 29. Ke1 Kf7 30. Rd2 Rb4 31. Rc2 Rb7 32. Rc6 Ra7 33. Rxd6
Raxa4 34. Rxa4 Rxa4 35. b6 Rb4 36. Kd2 g5 37. Kc3 Rb1 38. Kc4 e4 39. Kd5 g6 40.
Rc6 Rb5+ 41. Kd6 Kf6 42. Kc7+ Ke5 43. Rxg6 Rc5+ 44. Kb8 Kf4 45. b7 Rb5 46. Kc7
Rxb7+ 47. Kxb7 g4 48. Kc6 e3 49. fxe3+ Kxe3 50. g3 Kf3 51. Kd5 Kg2 52. Ke5 Kxh2
53. Kf4 Kg2 54. Rh6 Kf2 55. Rh2+ Kg1 56. Ra2 Kh1 57. Kxf5 1-0

[Event "Campeonato de Aragon por Equipos - Division de Honor"]
[Site ""]
[Date "2022.04.02"]
[Round "10.20"]
[White "Juberias Segura, Santiago"]
[Black "Sierra Aguerri, Joaquin"]
[Result "1-0"]
[WhiteElo "2026"]
[BlackElo "2097"]
[PlyCount "0"]
[WhiteTeam "Utebo San Lamberto"]
[BlackTeam "Tauste"]
[EventDate "2022.01.29"]

1. c4 e5 2. g3 Nc6 3. Bg2 f5 4. Nc3 Bb4 5. Nd5 Nf6 6. Nxb4 Nxb4 7. a3 Nc6 8. b4
d6 9. d3 O-O 10. b5 Ne7 11. Bb2 Qe8 12. a4 f4 13. Nf3 Qh5 14. gxf4 Ng6 15. e3
exf4 16. e4 Bg4 17. h3 Bxf3 18. Bxf3 Qc5 19. Qe2 Rae8 20. O-O Nh4 21. Kh2 Nf5
22. Rg1 Nd4 23. Bxd4 Qxd4 24. a5 d5 25. cxd5 Nxd5 26. Qa2 Kh8 27. exd5 Qxd3 28.
Qa3 Qxb5 29. Rae1 b6 30. Qc3 Qd7 31. Bg4 Qd6 32. Be6 Re7 33. axb6 Qxb6 34. Re2
Qd6 35. Qe5 Qc5 36. Rb2 c6 37. Rb8 Rb7 38. Rxb7 Qxf2+ 39. Rg2 1-0

[Event "Campeonato de Aragon por Equipos - Division de Honor"]
[Site ""]
[Date "2022.04.02"]
[Round "10.21"]
[White "Fernandez Rubio, Rafael"]
[Black "Lopez Guaita, Fernando"]
[Result "1-0"]
[WhiteElo "2068"]
[BlackElo "1828"]
[PlyCount "0"]
[WhiteTeam "Tauste"]
[BlackTeam "Utebo San Lamberto"]
[EventDate "2022.01.29"]

1. e4 c6 2. d4 d5 3. exd5 cxd5 4. Bd3 Nc6 5. c3 Nf6 6. Bf4 g6 7. Nf3 Bg7 8. O-O
O-O 9. Nbd2 Nh5 10. Be3 e5 11. Nxe5 Nxe5 12. dxe5 Bxe5 13. f4 Bg7 14. Nb3 Nf6
15. Qf3 Bg4 16. Qg3 Qc8 17. f5 Kh8 18. h3 Bxf5 19. Bxf5 gxf5 20. Nd4 Ne4 21.
Qf4 Qb8 22. Qxb8 Raxb8 23. Nxf5 a6 24. Rad1 Rbd8 25. Nxg7 Kxg7 26. Rf5 Kg6 27.
Rfxd5 Rxd5 28. Rxd5 Re8 29. Bf4 f6 30. Kh2 Re6 31. c4 h5 32. Rd7 Nc5 33. Rd5
Ne4 34. c5 b6 35. cxb6 Rxb6 36. b3 Nc3 37. Rd2 Ne4 38. Rc2 Kf5 39. Bc7 Re6 40.
b4 Re7 41. a4 Ke6 42. b5 axb5 43. axb5 Kd5 44. b6 Nc5 45. Rxc5+ Kxc5 46. b7
Rxc7 47. b8=Q Kd6 48. Qh8 1-0

[Event "Campeonato de Aragon por Equipos - Division de Honor"]
[Site ""]
[Date "2022.04.02"]
[Round "10.22"]
[White "Arias Alvarez, Alberto"]
[Black "Muro Turon, Raul"]
[Result "1-0"]
[WhiteElo "1699"]
[BlackElo "1834"]
[PlyCount "0"]
[WhiteTeam "Utebo San Lamberto"]
[BlackTeam "Tauste"]
[EventDate "2022.01.29"]

1. e4 e5 2. Nf3 Nc6 3. d4 exd4 4. Nxd4 Nf6 5. Nxc6 bxc6 6. e5 Qe7 7. Qe2 Nd5 8.
c4 Ba6 9. b3 g6 10. Ba3 Nb4 11. Bb2 Bg7 12. f4 O-O 13. a3 Nd5 14. Qf3 Nxf4 15.
Qxf4 Bxe5 16. Qxe5 Qxe5+ 17. Bxe5 Rfe8 18. Kf2 Rxe5 19. Ra2 Rb8 20. b4 Rbe8 21.
Re2 Rf5+ 22. Ke1 Rxe2+ 23. Bxe2 Re5 24. Kd2 d5 25. b5 cxb5 26. cxb5 Bb7 27. Bf3
f5 1-0

[Event "Campeonato de Aragon por Equipos - Division de Honor"]
[Site ""]
[Date "2022.04.02"]
[Round "10.23"]
[White "Solanas Esteban, Hector"]
[Black "Olivan Blasco, Leonardo"]
[Result "0-1"]
[WhiteElo "1681"]
[BlackElo "1400"]
[PlyCount "0"]
[WhiteTeam "Tauste"]
[BlackTeam "Utebo San Lamberto"]
[EventDate "2022.01.29"]

1. d4 d5 2. c4 Nf6 3. cxd5 Nxd5 4. e4 Nb6 5. Nc3 e6 6. Nf3 Be7 7. Be2 N8d7 8.
a4 Nf6 9. Bf4 a6 10. Rc1 c6 11. O-O O-O 12. Qb3 Nh5 13. Be3 Nd7 14. Ne5 Nhf6
15. Rfd1 Qc7 16. Nxd7 Bxd7 17. d5 exd5 18. Bb6 Qf4 19. g3 Qh6 20. Be3 Qh3 21.
Bf1 Qh5 22. h4 Bg4 23. Re1 Bf3 24. exd5 Ng4 25. Bf4 Bxh4 26. Bg2 Bg5 0-1

[Event "Campeonato de Aragón de Ajedrez por Equipos 2022 - Eliminatorias Ascensos"]
[Site ""]
[Date "2018.01.27"]
[Round "10.24"]
[White "Vallverdu Miret, Oscar"]
[Black "Carruez Berges, Fernando"]
[Result "1-0"]
[WhiteElo "2099"]
[BlackElo "1988"]
[PlyCount "0"]
[WhiteTeam "Fraga"]
[BlackTeam "Agrupacion B"]
[EventDate "2018.01.27"]

1. d4 e6 2. Nf3 c5 3. c3 Qb6 4. e3 Nf6 5. Nbd2 cxd4 6. exd4 d5 7. Bd3 Bd7 8.
Qe2 a6 9. O-O Bb5 10. c4 dxc4 11. Nxc4 Bxc4 12. Bxc4 Be7 13. Be3 Qd8 14. Rad1
O-O 15. Ne5 Nd5 16. Bc1 Nd7 17. f4 Nxe5 18. dxe5 g6 19. Kh1 Rc8 20. f5 Bg5 21.
fxe6 fxe6 22. Rxf8+ Kxf8 23. Bxg5 Qxg5 24. Bxd5 exd5 25. Qf3+ Ke8 26. e6 Qf5
27. Qg3 Ke7 28. Re1 d4 29. Qh4+ g5 30. Qxd4 Rd8 31. Qg7+ Ke8 32. Qxb7 1-0

[Event "Campeonato de Aragón de Ajedrez por Equipos 2022 - Eliminatorias Ascensos"]
[Site ""]
[Date "2018.01.27"]
[Round "10.25"]
[White "Garcia Morales, Roberto"]
[Black "Aribau Rivas, Miguel Angel"]
[Result "1-0"]
[WhiteElo "1982"]
[BlackElo "2027"]
[PlyCount "0"]
[WhiteTeam "Agrupacion B"]
[BlackTeam "Fraga"]
[EventDate "2018.01.27"]

1. e4 c5 2. d4 cxd4 3. c3 d5 4. e5 dxc3 5. Nxc3 e6 6. Nf3 Nc6 7. Bd3 a6 8. O-O
Nge7 9. Bg5 Qb6 10. Be3 Qc7 11. Rc1 Ng6 12. Re1 Be7 13. h4 O-O 14. Bb1 f5 15.
exf6 gxf6 16. a3 Bd6 17. b4 Qd8 18. Qd3 Rf7 19. Red1 Nce5 20. Nxe5 Nxe5 21. Qe2
Bd7 22. Bh6 Bf8 23. Bf4 Ng6 24. Bg3 Bh6 25. Rc2 Rc8 26. h5 Ne7 27. Qf3 Bc6 28.
Qg4+ Kf8 29. Qxe6 Bd7 30. Qe2 Bf5 31. Na4 Bxc2 32. Bxc2 Rc6 33. Nc5 Qc8 34. Bb3
Rxc5 35. bxc5 Qxc5 36. Qd3 Kg7 37. Bc2 Kg8 38. Re1 b5 39. Re6 Qc4 40. Rxa6 Qxd3
41. Bxd3 Bf8 42. Ra8 Nc6 43. Bxb5 Nd4 44. Bd3 Kg7 45. Bf4 h6 46. a4 Rd7 47.
Bxh6+ Kxh6 48. Rxf8 Rd6 49. Rh8+ Kg7 50. Rh7+ Kf8 1-0

[Event "Campeonato de Aragón de Ajedrez por Equipos 2022 - Eliminatorias Ascensos"]
[Site ""]
[Date "2018.01.27"]
[Round "10.26"]
[White "Casas Chine, German"]
[Black "Carruez Berges, Santiago"]
[Result "1-0"]
[WhiteElo "1785"]
[BlackElo "1932"]
[PlyCount "0"]
[WhiteTeam "Fraga"]
[BlackTeam "Agrupacion B"]
[EventDate "2018.01.27"]

1. e4 e6 2. d4 d5 3. e5 c5 4. c3 Nc6 5. Nf3 Bd7 6. Be2 f6 7. exf6 Nxf6 8. O-O
Bd6 9. b3 O-O 10. Bb2 e5 11. dxe5 Nxe5 12. Nbd2 Bc6 13. Nxe5 Bxe5 14. Bf3 Qc7
15. g3 Ne4 16. Bxe4 dxe4 17. Qe2 Rae8 18. Nxe4 Qf7 19. f3 Qh5 20. Rae1 Kh8 21.
Kg2 Bd7 22. Kg1 Qg6 23. c4 Bc7 24. Qd2 Bc6 25. Qc3 Be5 26. Qc2 b6 27. Bxe5 Rxe5
28. Qd3 Rfe8 29. Re3 h5 30. Rf2 Qe6 31. Ng5 Qg8 32. Rxe5 Rxe5 33. Qg6 Be8 34.
Qd6 Rxg5 35. Re2 Rf5 36. Qe7 Rf8 37. f4 Qf7 38. Qd6 Qd7 39. Qxf8+ 1-0

[Event "Campeonato de Aragón de Ajedrez por Equipos 2022 - Eliminatorias Ascensos"]
[Site ""]
[Date "2018.01.27"]
[Round "10.27"]
[White "Carruez Gracia, Eduardo"]
[Black "Agustin De Dios, Adrian"]
[Result "1-0"]
[WhiteElo "1937"]
[BlackElo "1686"]
[PlyCount "0"]
[WhiteTeam "Agrupacion B"]
[BlackTeam "Fraga"]
[EventDate "2018.01.27"]


1. e4 c5 2. d4 cxd4 3. c3 d3 4. Bxd3 e5 5. Ne2 Nf6 6. Bg5 Be7 7. O-O O-O 8. c4
d6 9. Nbc3 Be6 10. Kh1 Nfd7 11. Be3 Nc5 12. f4 exf4 13. Nxf4 Nbd7 14. Be2 Nf6
15. Qc2 Qc7 16. Bd4 Ncd7 17. b3 a6 18. Rad1 Rac8 19. Qb2 Nc5 20. Rf3 Ncd7 21.
Rg3 Ne5 22. c5 Ng6 23. Ncd5 Bxd5 24. Nxd5 Nxd5 25. exd5 Ne5 26. Bxe5 dxe5 27.
d6 Qxc5 28. dxe7 Qxe7 29. Re3 Rfe8 30. Bg4 Rb8 31. Rde1 f6 32. Be2 b5 33. Qc2
Rbc8 34. Qf5 Qe6 35. Qxe6+ Rxe6 36. Bg4 1-0

[Event "Campeonato de Aragón de Ajedrez por Equipos 2022 - Eliminatorias Ascensos"]
[Site ""]
[Date "2018.01.27"]
[Round "10.28"]
[White "Carrasquer Alonso, Luis"]
[Black "Planas Torrea, Francisco Javier"]
[Result "1/2-1/2"]
[WhiteElo "1819"]
[BlackElo "2080"]
[PlyCount "0"]
[WhiteTeam "Jaque Pirenauto B"]
[BlackTeam "Ejea"]
[EventDate "2018.01.27"]

1. e4 c6 2. d4 d5 3. e5 c5 4. Nf3 Nc6 5. c3 Bg4 6. Be2 Bxf3 7. Bxf3 e6 8. Be3
cxd4 9. Bxd4 Nh6 10. O-O Nf5 11. Qd2 Be7 12. Rd1 O-O 13. Bg4 Nfxd4 14. cxd4 Rc8
15. Nc3 a6 16. f4 Nxd4 17. Kh1 Nc6 18. a3 g6 19. Rf1 Qa5 20. b4 Qd8 21. Na4 b5
22. Nc5 Bxc5 23. bxc5 Ne7 24. Rfc1 Rc6 25. a4 Qc7 26. axb5 axb5 27. Qa5 Rc8 28.
Qxb5 Rxc5 29. Rxc5 Qxc5 30. Qxc5 Rxc5 31. h4 h5 32. Bh3 Nc6 33. g3 Rc2 34. Ra8+
Kg7 35. Rc8 Nd4 36. Rxc2 Nxc2 37. Kg1 Kf8 38. Kf2 Ke7 1/2-1/2

[Event "Campeonato de Aragón de Ajedrez por Equipos 2022 - Eliminatorias Ascensos"]
[Site ""]
[Date "2018.01.27"]
[Round "10.28"]
[White "Planas Torrea, Alberto"]
[Black "Montoro Mavilla, Sergio"]
[Result "1-0"]
[WhiteElo "1890"]
[BlackElo "1773"]
[PlyCount "0"]
[WhiteTeam "Ejea"]
[BlackTeam "Jaque Pirenauto B"]
[EventDate "2018.01.27"]

1. e4 e5 2. Nf3 Nc6 3. d4 exd4 4. Bc4 Be7 5. O-O d6 6. Nxd4 Nxd4 7. Qxd4 Bf6 8.
Qd3 Ne7 9. Nc3 O-O 10. Be3 Be6 11. Rad1 Nc6 12. Bxe6 fxe6 13. f3 a6 14. Ne2 Qe7
15. Qb3 b5 16. c3 Na5 17. Qc2 Nc4 18. Bc1 c5 19. b3 Nb6 20. Be3 Qc7 21. Bf4 e5
22. Be3 Rad8 23. Rd2 d5 24. Rfd1 dxe4 25. Qxe4 Rxd2 26. Rxd2 c4 27. Kf2 cxb3
28. axb3 Bh4+ 29. Qxh4 a5 30. Qe4 a4 31. bxa4 bxa4 32. Bxb6 Qxb6+ 33. Qe3 Qc6
34. Qxe5 a3 35. Qd5+ Qxd5 36. Rxd5 Ra8 37. Rd1 a2 38. Ra1 Ra3 39. Ke3 Kf7 40.
Kd3 g5 41. Nc1 g4 42. fxg4 1-0

[Event "Campeonato de Aragón de Ajedrez por Equipos 2022 - Eliminatorias Ascensos"]
[Site ""]
[Date "2018.01.27"]
[Round "10.30"]
[White "Torrente Gayarre, Lorenzo"]
[Black "Merin Flores, Miguel Angel"]
[Result "1-0"]
[WhiteElo "1646"]
[BlackElo "1724"]
[PlyCount "0"]
[WhiteTeam "Jaque Pirenauto B"]
[BlackTeam "Ejea"]
[EventDate "2018.01.27"]

1. d4 d5 2. Nf3 Nf6 3. e3 Bg4 4. c4 e6 5. Bd3 Bd6 6. c5 Be7 7. a3 O-O 8. b4 b6
9. O-O a5 10. Bb2 Re8 11. Nbd2 bxc5 12. bxc5 Nfd7 13. Qc2 Nf8 14. Ne5 Bh5 15.
Bb5 Nfd7 16. Nxd7 Nxd7 17. Qa4 c6 18. Bxc6 Ra7 19. Bc3 Rf8 20. Bxd7 Qxd7 21.
Qxd7 Rxd7 22. Bxa5 Ra8 23. Bb4 Rda7 24. Nf3 f6 25. Rfc1 Be8 26. Rab1 Bc6 27. h3
Kf7 28. Rb2 Ra4 29. Ne1 Bd8 30. Rcb1 Bc7 31. Nc2 Ke7 32. g3 Kd7 33. g4 Rh8 34.
Ne1 g5 35. f3 h5 36. Kg2 hxg4 37. fxg4 e5 38. Nc2 Ke6 39. Be1 Rha8 40. Bg3 Ba5
41. Rf1 Be8 42. dxe5 fxe5 43. Rf5 Bc7 44. Rxg5 Rc4 45. h4 Rxc5 46. h5 Ba4 47.
Nb4 Rc3 48. Rg6+ Kd7 49. Rg7+ Kc8 50. Rg8+ Kb7 51. Nxd5+ Kc6 52. Rxa8 Rxa3 53.
h6 1-0